Banner

Estudios de derecho notarial : (Record no. 1209)

MARC details
000 -LEADER
campo de control de longitud fija 01134nam a22003257a 4500
001 - NÚMERO DE CONTROL
campo de control 004340
003 - IDENTIFICADOR DE NÚMERO DE CONTROL
campo de control CoMeUDC004340
005 - FECHA Y HORA DE LA ÚLTIMA TRANSACCIÓN
campo de control 20190221213146.0
008 - DATOS DE LONGITUD FIJA--INFORMACIÓN GENERAL
campo de control de longitud fija 100810s2011 ck gr 000 00spa d
015 ## - NÚMERO DE BIBLIOGRAFÍA NACIONAL
Número de bibliografía nacional ck-2011-xxxx
020 ## - NÚMERO INTERNACIONAL ESTÁNDAR DEL LIBRO
Número Internacional Estándar del Libro 9789588336749
040 ## - FUENTE DE CATALOGACIÓN
Centro catalogador/agencia de origen CO-BoBLA
Lengua de catalogación spa
Centro/agencia transcriptor CoMeUDC
041 1# - CÓDIGO DE IDIOMA
Código de lengua del texto/banda sonora o título independiente spa
043 ## - CÓDIGO DE ÁREA GEOGRÁFICA
Código de área geográfica s-ck---
082 04 - NÚMERO DE LA CLASIFICACIÓN DECIMAL DEWEY
Número de clasificación 347.01 U78e
Número de ítem
100 1# - ENTRADA PRINCIPAL--NOMBRE DE PERSONA
Nombre de persona Usuga Varela, Ocaris.
245 10 - MENCIÓN DEL TÍTULO
Título Estudios de derecho notarial :
Resto del título función notarial /
Mención de responsabilidad, etc. Ocaris Usuga Varela, Adriana María Usuga Osorio
246 14 - FORMA VARIANTE DEL TITULO
Título propio/Titulo breve Para la preparación de la prueba de conocimientos del concurso de notarios
250 ## - MENCION DE EDICION
Mención de edición 2a ed.
260 ## - PUBLICACIÓN, DISTRIBUCIÓN, ETC.
Lugar de publicación, distribución, etc. Bogotá:
Nombre del editor, distribuidor, etc. Librería Jurídicaca Sánchez R.,
Fecha de publicación, distribución, etc. 2011.
300 ## - DESCRIPCIÓN FÍSICA
Extensión 368 p. ;
Dimensiones 23 cm.
505 ## - NOTA DE CONTENIDO CON FORMATO
Nota de contenido con formato función notarial, el notario como agente de la función notarial, parte complementaria.
546 ## - NOTA DE IDIOMA
Nota de lengua/lenguaje Español
650 #4 - PUNTO DE ACCESO ADICIONAL DE MATERIA--TÉRMINO DE MATERIA
Término de materia o nombre geográfico como elemento de entrada Derecho notarial
Subdivisión general Legislación
Subdivisión geográfica Colombia.
650 #4 - PUNTO DE ACCESO ADICIONAL DE MATERIA--TÉRMINO DE MATERIA
Término de materia o nombre geográfico como elemento de entrada Notariado y registro
Subdivisión general Legislación
Subdivisión geográfica Colombia.
650 #4 - PUNTO DE ACCESO ADICIONAL DE MATERIA--TÉRMINO DE MATERIA
Término de materia o nombre geográfico como elemento de entrada Notarios
Subdivisión general Legislación
Subdivisión geográfica Colombia.
700 ## - ENTRADA AGREGADA--NOMBRE PERSONAL
Nombre de persona Usuga Osorio, Adriana María.
9 (RLIN) 1577
942 ## - ELEMENTOS DE ENTRADA SECUNDARIOS (KOHA)
Fuente del sistema de clasificación o colocación Clasificación Decimal Dewey
Tipo de ítem Koha Libros
949 ## - PROCESAMIENTO DE INFORMACIÓN LOCAL (OCLC)
a
Holdings
Estatus retirado Estado de pérdida Fuente del sistema de clasificación o colocación Estado de daño No para préstamo Colección Biblioteca de origen Biblioteca actual Fecha de adquisición Fuente de adquisición Coste, precio normal de compra Signatura topográfica completa Código de barras Visto por última vez Copia número Precio de reemplazo Tipo de ítem Koha
    Clasificación Decimal Dewey     Colección general U DE COLOMBIA - Biblioteca U DE COLOMBIA - Biblioteca 21/02/2019 Donación 20.00 347.01 U78e 004340 21/02/2019 1 21/02/2019 Libros
    Clasificación Decimal Dewey     Colección general U DE COLOMBIA - Biblioteca U DE COLOMBIA - Biblioteca 21/02/2019 Donación 20.00 347.01 U78e Ej.2 004341 21/02/2019 2 21/02/2019 Libros
    Clasificación Decimal Dewey     Colección general U DE COLOMBIA - Biblioteca U DE COLOMBIA - Biblioteca 21/02/2019 Donación 20.00 347.01 U78e Ej.3 004342 21/02/2019 3 21/02/2019 Libros


Biblioteca Académica Corporación Universitaria U DE COLOMBIA | Teléfono: +(57) (4) 2398080 ext. 1112 | E-mail: biblioteca@udecolombia.edu.co | Dirección: Calle 56 Nº 41 – 147 (Bolivia con Girardot)
Horario de atención: lunes a viernes 8:00 a.m. a 8:00 p.m. - sábados 8:00 a.m. a 4:00 p.m.
Implementado por Grupo EGS.

Powered by Koha